Statistics for Soccer Teams in the Champions League 2018/2019

Click here to take the quiz!

General Stats

  • This quiz has been taken 173 times
  • The average score is 21 of 32

Answer Stats

HintAnswer% Correct
Group CLiverpool
97%
Group BBarcelona
96%
Group FManchester City
95%
Group GReal Madrid
95%
Group HManchester United
93%
Group CParis Saint Germain
92%
Group AAtletico Madrid
90%
Group EBayern Munich
90%
Group ABorussia Dortmund
90%
Group BTottenham Hotspur
88%
Group HJuventus
86%
Group BInter Milan
85%
Group EAjax
83%
Group CNapoli
78%
Group DPorto
77%
Group FLyon
72%
Group GRoma
72%
Group EBenfica
71%
Group HValencia
69%
Group AMonaco
63%
Group BPSV Eindhoven
63%
Group DSchalke 04
56%
Group GCSKA
48%
Group DGalatasaray
46%
Group CRed Star
45%
Group HYoung Boys
43%
Group AClub Brugge
38%
Group DLokomotiv
32%
Group EAEK
29%
Group FHoffenheim
27%
Group GViktoria Plzen
15%
Group FShaktar Donetsk
8%

Score Distribution

Percentile by Number Answered

Percent of People with Each Score

Your Score History

You have not taken this quiz